[Event "ASKOs Pinseturnering-A"]
[Site "Blindern"]
[Date "2002.05.20"]
[Round "6"]
[White "Esbensen, Arnt"]
[Black "Toan, Thanh Pham"]
[Result "0-1"]
[WhiteElo "2167"]
[BlackElo "1677"]
[PlyCount "84"]
[EventDate "2002.05.18"]
[EventType "swiss"]
[EventRounds "6"]
[EventCountry "NOR"]
[SourceTitle "EXT 2006"]
[Source "ChessBase"]
[SourceDate "2005.11.24"]
[SourceVersion "1"]
[SourceVersionDate "2005.11.24"]
[SourceQuality "1"]

1. d4 Nf6 2. c4 e6 3. g3 c5 4. d5 exd5 5. cxd5 d6 6. Nc3 g6 7. Bg2 Bg7 8. Nf3 0-0 9. 0-0 a6 10. a4 Re8 11. Bf4 Qc7 12. Nd2 Nh5 13. Be3 Nd7 14. Nc4 Nb6 15. Na3 Bd7 16. a5 Nc8 17. Nc4 Bb5 18. Qb3 Bxc4 19. Qxc4 b5 20. axb6 Nxb6 21. Qd3 a5 22. Qb5 Reb8 23. Qc6 Qe7 24. Ne4 Nc4 25. Bg5 f6 26. Bc1 f5 27. Nc3 Ra7 28. e4 f4 29. gxf4 Qh4 30. Ra4 Nxb2 31. Qxd6 Rab7 32. e5 Nxa4 33. Nxa4 Nxf4 34. Nxc5 Rb1 35. Nd7 Qg4 36. Qxb8+ Rxb8 37. Bxf4 Qxf4 38. e6 Re8 39. Re1 Bd4 40. Re2 Rc8 41. h3 Rc1+ 42. Bf1 Qf3 0-1

[Event "ASKOs Pinseturnering-A"]
[Site "Blindern"]
[Date "2002.05.20"]
[Round "5"]
[White "Wilsbeck, Jan Borge"]
[Black "Esbensen, Arnt"]
[Result "0-1"]
[WhiteElo "1816"]
[BlackElo "2167"]
[PlyCount "82"]
[EventDate "2002.05.18"]
[EventType "swiss"]
[EventRounds "6"]
[EventCountry "NOR"]
[SourceTitle "EXT 2006"]
[Source "ChessBase"]
[SourceDate "2005.11.24"]
[SourceVersion "1"]
[SourceVersionDate "2005.11.24"]
[SourceQuality "1"]

1. e4 d6 2. d4 Nf6 3. Nc3 g6 4. f3 c6 5. Be3 Nbd7 6. Qd2 Qa5 7. Bc4 b5 8. Bb3 Nb6 9. e5 b4 10. exf6 bxc3 11. Qxc3 Qxc3+ 12. bxc3 exf6 13. Ne2 Ba6 14. Kf2 d5 15. a4 Be7 16. a5 Nc4 17. Bxc4 Bxc4 18. Rhb1 0-0 19. Nf4 Rfe8 20. Nd3 Bd6 21. g3 g5 22. Bd2 Re7 23. h4 Rae8 24. Re1 Rxe1 25. Bxe1 Rb8 26. hxg5 fxg5 27. Ne5 Rb2 28. Nxc4 dxc4 29. Ke3 Rxc2 30. Ra4 c5 31. d5 h5 32. Rxc4 f5 33. Kd3 Ra2 34. Bd2 Rxa5 35. Bxg5 Bxg3 36. Be7 Kf7 37. Bh4 Bd6 38. Bf2 Kf6 39. f4 Ke7 40. Ke2 Kd7 41. Bh4 Be7 0-1

[Event "ASKOs Pinseturnering-A"]
[Site "Blindern"]
[Date "2002.05.19"]
[Round "4"]
[White "Esbensen, Arnt"]
[Black "Gausel, Einar"]
[Result "0-1"]
[WhiteElo "2167"]
[BlackElo "2524"]
[PlyCount "120"]
[EventDate "2002.05.18"]
[EventType "swiss"]
[EventRounds "6"]
[EventCountry "NOR"]
[SourceTitle "EXT 2006"]
[Source "ChessBase"]
[SourceDate "2005.11.24"]
[SourceVersion "1"]
[SourceVersionDate "2005.11.24"]
[SourceQuality "1"]

1. d4 Nf6 2. c4 e6 3. g3 d5 4. Bg2 c6 5. Qc2 Nbd7 6. Nf3 b6 7. Nbd2 Bb7 8. e4 Bb4 9. e5 Ne4 10. 0-0 Nxd2 11. Bxd2 Be7 12. Rfe1 dxc4 13. Qxc4 0-0 14. Rad1 c5 15. dxc5 bxc5 16. Qg4 Kh8 17. Bc3 Qc7 18. Nd2 Bxg2 19. Kxg2 Nb6 20. Nc4 Qc6+ 21. Qe4 Nd5 22. Kg1 Qa6 23. Ne3 Nxe3 24. Rxe3 Rad8 25. Red3 h6 26. Rd7 Qxa2 27. Rxd8 Rxd8 28. Rxd8+ Bxd8 29. Qc6 Kh7 30. Qd7 Qb1+ 31. Kg2 Qe4+ 32. Kg1 Bb6 33. Qxf7 Qd5 34. h4 c4 35. h5 Qd3 36. Kg2 Qc2 37. Qf4 a5 38. Kh3 Qe2 39. f3 Kg8 40. Kg4 Qd3 41. Kh3 Be3 42. Qh4 Qf1+ 43. Kg4 Bg5 44. Qh2 Qd3 45. f4 Qd1+ 46. Kh3 Qxh5+ 47. Kg2 Qxh2+ 48. Kxh2 Bd8 49. Kg2 h5 50. Kf3 a4 51. Ke4 Bb6 52. f5 Kf7 53. Kf4 Bf2 54. Kf3 Bc5 55. Kf4 Bb6 56. g4 hxg4 57. Kxg4 exf5+ 58. Kxf5 g6+ 59. Kf4 Bc5 60. Ke4 Ke6 0-1